[Event "Katowice Springs 2018"]
[Site "Katowice"]
[Date "2018.05.11"]
[Round "8"]
[White "Pacan-Milej, Kosma"]
[Black "Bakalarz, Mietek"]
[Result "1-0"]
[WhiteElo "2301"]
[BlackElo "2288"]
[Annotator "TA"]
[PlyCount "71"]
[EventDate "2018.??.??"]
[EventType "swiss"]
[EventCountry "POL"]
[SourceTitle "playchess.com"]
[Source "ChessBase"]
[SourceQuality "1"]

{[%evp 12,71,54,51,133,131,175,177,174,174,170,181,207,135,131,118,125,121,121,101,174,173,188,178,238,230,244,247,246,243,248,247,260,269,265,260,269,236,279,271,362,316,322,313,314,314,413,360,349,382,387,355,372,326,319,317,405,393,752,744,1275,1275]} 1. d4 {[%cal Bd2d4,Bd4d5][%mdl 32]} d5 2. c4 Nc6 3. Nc3 dxc4 4. Nf3 Nf6 5. d5 Na5 6. Qa4+ {D07: Queen's Gambit: Chigorin Defence} (6. Bf4 e6 7. Qa4+ c6 8. dxc6 Nxc6 9. Ne5 Bd7 10. Nxd7 Nxd7 11. O-O-O a6 12. Qxc4 Rc8 13. Kb1 Bb4 {½-½ (41) Kamsky,G (2706)-Stripunsky,A (2549) ICC INT 2014}) 6... c6 7. b4 {LiveBook: 27 Games} cxb3 (7... b5 $14 8. Qxa5 Qxa5 9. bxa5 b4) 8. axb3 $16 {White is clearly better.} Nxd5 9. Nxd5 Nxb3 10. Qxb3 Qxd5 11. Qxd5 $146 ({Predecessor:} 11. Qb1 e5 12. e4 Qd6 13. Bd2 Be7 {0-1 (28) Turoczi,P-Schalkwijk,P LSS email 2007}) 11... cxd5 12. e3 f6 13. Nd4 a6 14. Ba3 Bd7 15. Kd2 e6 (15... e5 $16 {is a better defense.}) 16. Bxf8 Kxf8 17. Bd3 Ke7 {[#]} (17... e5 $142) 18. Rhb1 $1 $18 {[%cal Rb1b7]} b5 19. Ra5 e5 20. Nb3 Rhb8 21. Rba1 (21. Bxh7 Rh8 $16) 21... Rb6 22. Nc5 ({Not} 22. Bxh7 Rh8 $14) 22... Bc8 {[#]} 23. Bxb5 $1 {[%mdl 512]} Kd6 (23... axb5 24. Rxa8) 24. Nxa6 e4 25. Be2 h5 26. h3 Ra7 27. Nc5 Rb2+ 28. Ke1 Rc7 29. Na4 Rb4 30. Rd1 Be6 31. Ra6+ Ke5 32. f4+ exf3 33. Bxf3 h4 34. Ra5 Rc2 $2 (34... Kd6 35. Bxd5 Bxd5 36. Rdxd5+ Ke6) 35. Nc5 Rbc4 36. Nxe6 {Precision: White = 91%, Black = 34%.} 1-0

[Event "Katowice Springs 2018"]
[Site "Katowice"]
[Date "2018.05.11"]
[Round "8"]
[White "Krzywda, Andrzej"]
[Black "Shkuran, Danylo"]
[Result "1/2-1/2"]
[WhiteElo "2163"]
[BlackElo "2395"]
[Annotator "TA"]
[PlyCount "44"]
[EventDate "2018.??.??"]
[EventType "swiss"]
[EventCountry "POL"]
[SourceTitle "playchess.com"]
[Source "ChessBase"]
[SourceQuality "1"]

{[%evp 20,44,32,27,31,31,25,26,103,35,76,75,70,72,75,61,63,59,62,50,70,48,65,0,75,0,66]} 1. e4 c6 2. d4 d5 3. exd5 cxd5 4. Bd3 Nf6 5. c3 Nc6 6. h3 g6 7. Nf3 {[%cal Bg1f3,Bf3e1,Be1d3][%mdl 32]} Bg7 8. O-O O-O 9. Bf4 Bf5 10. Bxf5 gxf5 11. Ne1 {LiveBook: 5 Games. B13: Caro-Kann: Exchange Variation and Panov-Botvinnik Attack} Kh8 $146 ({Predecessor:} 11... e6 12. Nd3 Ne4 13. f3 Nf6 14. Nd2 Nh5 15. Bh2 Qh4 16. Qe1 Qxe1 17. Rfxe1 Bh6 18. Nb3 Rac8 {½-½ (47) Socko,M (2468)-Gunina,V (2507) Tbilisi 2018}) 12. Nd3 Rg8 13. Nd2 {White has an edge.} Ne4 (13... Rc8 $11) 14. f3 ({White should try} 14. Qh5 $16) 14... Nxd2 15. Qxd2 e6 16. Kh1 Bf6 17. Rae1 Bg5 18. Re2 Bxf4 19. Qxf4 Qb8 20. Qh4 Qd8 21. Qf4 Qb8 22. Qh4 Qd8 {Precision: White = 42%, Black = 49%.} 1/2-1/2

[Event "Katowice Springs 2018"]
[Site "Katowice"]
[Date "2018.05.12"]
[Round "9"]
[White "Shkuran, Danylo"]
[Black "Frolov, Artur"]
[Result "1/2-1/2"]
[WhiteElo "2395"]
[BlackElo "2432"]
[Annotator "TA"]
[PlyCount "59"]
[EventDate "2018.??.??"]
[EventType "swiss"]
[EventCountry "POL"]
[SourceTitle "playchess.com"]
[Source "ChessBase"]
[SourceQuality "1"]

{[%evp 14,59,22,-5,10,0,0,-8,-17,-13,0,-14,-12,-20,-11,-13,0,-14,-18,-19,-19,-49,-29,-43,0,-4,0,0,0,0,0,-1,0,-11,0,-11,-11,-12,-12,-12,-8,-23,0,-40,-16,-48,-50,-50]} 1. e4 e5 2. Nf3 Nc6 3. Bc4 Bc5 4. Nc3 Nf6 5. d3 d6 6. h3 h6 7. O-O Be6 8. Bb3 Nd4 {C50: Hungarian Defence and Giuoco Pianissimo} (8... O-O 9. Be3 Bb6 10. Qd2 Bxe3 11. fxe3 d5 12. exd5 Nxd5 13. Nxd5 Bxd5 14. e4 Bxb3 15. axb3 a6 16. Qc3 Nd4 17. Nxd4 Qxd4+ 18. Qxd4 exd4 19. Ra5 {½-½ (31) Pham,D (2234)-Tu,H (2394) Ho Chi Minh City 2016}) 9. Nxd4 Bxd4 10. Be3 Bxe3 {The position is equal.} 11. fxe3 Qe7 12. Bxe6 $146 ({Predecessor:} 12. d4 O-O-O 13. d5 Bd7 14. a4 g5 15. Ne2 {1-0 (40) Anton,T-Obreja,M Romania 2000}) 12... fxe6 13. d4 O-O 14. Qe2 Nd7 15. Rxf8+ Rxf8 16. Rf1 Rxf1+ 17. Kxf1 Qf6+ 18. Qf2 Qxf2+ 19. Kxf2 $15 {[%mdl 4096] Endgame KN-KN} c6 20. Nb1 Kf7 21. Nd2 d5 22. exd5 exd5 23. c3 e4 24. Nb3 b6 25. Nd2 Ke6 26. Ke2 h5 27. Kf2 Kf5 28. Nf1 h4 29. g4+ Ke6 30. Nd2 {Precision: White = 31%, Black = 40%.} 1/2-1/2

[Event "Katowice Springs 2018"]
[Site "Katowice"]
[Date "2018.05.12"]
[Round "9"]
[White "Molenda, Marcin"]
[Black "Teclaf, Pawel"]
[Result "0-1"]
[WhiteElo "2383"]
[BlackElo "2373"]
[Annotator "TA"]
[PlyCount "96"]
[EventDate "2018.??.??"]
[EventType "swiss"]
[EventCountry "POL"]
[SourceTitle "playchess.com"]
[Source "ChessBase"]
[SourceQuality "1"]

{[%evp 30,96,18,11,5,0,7,10,54,37,44,42,31,-12,0,-139,-139,-133,-136,-225,-220,-196,0,0,0,-86,-89,-72,-86,-65,-68,-147,-140,-234,-218,-237,-238,-234,-234,-234,-225,-206,-89,-169,-167,-179,-170,-443,-446,-440,-446,-416,-395,-385,-306,-518,-508,-29962,-29964,-29963,-29965,-29968,-29968,-29969,-29968,-29968,-29969,-29968,-6120]} 1. d4 e6 2. c4 d5 3. Nf3 c5 4. cxd5 exd5 5. g3 Nc6 6. Bg2 Nf6 7. O-O Be7 8. Nc3 O-O 9. dxc5 Bxc5 10. Bg5 d4 11. Bxf6 Qxf6 12. Ne4 Qe7 13. Nxc5 Qxc5 14. Rc1 Qb6 15. Qd2 Be6 {D34: Tarrasch Defence: 6 g3 Nf6 7 Bg2 Be7} 16. b3 {LiveBook: 4 Games} Rad8 17. Ng5 (17. Rfd1 Rfe8 18. h3 Bd5 19. Ne1 h5 20. h4 d3 21. Nxd3 Nd4 22. Re1 Bxg2 23. Kxg2 {½-½ (45) Intagrand (2638)-Rentner2 (2631) playchess.com INT 2007}) 17... Bf5 {The position is equal.} 18. Ne4 Rfe8 19. Nc5 $1 {[%cal Rc5b7] Threatens to win with Nxb7!} Bc8 20. Rfe1 Ne5 $146 ({Predecessor:} 20... Qb4 21. Rc2 Qxd2 22. Rxd2 Rd6 23. Rc1 {1-0 (40) Gretencord,U (2057)-Salomone,N (1710) LSS email 2009}) 21. Qf4 Qa5 22. Bxb7 (22. Be4 $11 {keeps the balance.}) 22... Ng6 $1 $17 {[%cal Rg6f4]} 23. Qf3 d3 $1 $36 {[%cal Rd3d2][%mdl 3072] Black has strong compensation. Black is really pushing.} 24. Red1 (24. Nxd3 $17 {was necessary.} Bxb7 25. Qxb7 Rxd3 26. b4) 24... Ne5 $1 $19 {[%cal Re5f3]} (24... dxe2 25. Re1) 25. Qe4 Nd7 $2 (25... f5 $1 $19 {[%cal Rf5e4]} 26. Qe3 Nf7) 26. b4 $11 Qb6 27. Nxd7 (27. Qxd3 $11 Bxb7 28. Nxd7 Qxb4 29. Qb3 Qxb3 30. axb3) 27... Bxd7 $17 (27... Rxe4 28. Nxb6 (28. Rxc8 $2 dxe2 29. Re1 Rxc8 $19) 28... Bxb7 29. Rxd3 $16) 28. Qf3 dxe2 29. Re1 Qxb4 {Strongly threatening ...Bg4.} 30. Bd5 ({White should play} 30. Rb1 $1 $15 Qd2 31. Bd5) 30... Bg4 $1 {[%cal Rg4f3]} 31. Qxf7+ (31. Bxf7+ $17 {keeps fighting.} Kh8 32. Qb3 Qxb3 33. Bxb3) 31... Kh8 $19 32. h3 Re7 $1 {[%cal Re7f7]} ({Much less strong is} 32... Bxh3 33. Bf3 $17) 33. Qf4 Qxf4 34. gxf4 Bh5 $1 ({Less strong is} 34... Rxd5 35. hxg4 h6 36. f5 $11) ({Don't take} 34... Bxh3 35. Bf3 $17) 35. Bb3 Re4 (35... g6 $1 $19 36. Kg2 Kg7) 36. f5 {[#]} (36. Rc5 $17 g6 37. f3 Bxf3 38. Bd5 Rxf4 39. Bxf3 Rxf3 40. Rxe2) 36... Re5 $1 37. Kg2 Rxf5 38. Rc3 $2 (38. Be6 {is a better defense.} Rg5+ 39. Kh2) 38... Rdf8 39. f3 Rxf3 40. Rxf3 Rxf3 {[%mdl 4096] Endgame KRB-KRB} 41. Bc4 Rf8 42. Bxe2 $2 {[#]} (42. h4) 42... Re8 $1 43. Kf2 (43. Rc1 $19 Bxe2 44. Kg3) 43... Rxe2+ {Black mates.} 44. Rxe2 Bxe2 45. Kxe2 g5 46. Kf3 Kg7 47. Ke4 Kf6 48. a3 h5 {Precision: White = 26%, Black = 78%.} (48... a5 $142 49. Kd4 Kf5 50. Ke3 g4 51. hxg4+ Kxg4 52. Ke2 a4 53. Kf2 Kf4 54. Kg2 Ke4 55. Kg3 Kd4 56. Kg4 Kc3 57. Kf4 Kb3 58. Kg5 Kxa3 59. Kh6 Kb3 60. Kg5 Kc4 61. Kh5 a3 62. Kg4 a2 63. Kf4 a1=Q 64. Kf5 Qg7 65. Ke6 h5 66. Kf5 h4 67. Ke4 h3 68. Kf4 h2 69. Kf3 h1=Q+ 70. Kf4 Qf1+ 71. Ke4 Qe7#) 0-1

[Event "Katowice Springs 2018"]
[Site "Katowice"]
[Date "2018.05.12"]
[Round "9"]
[White "Piesik, Piotr"]
[Black "Pacan-Milej, Kosma"]
[Result "1-0"]
[WhiteElo "2372"]
[BlackElo "2301"]
[Annotator "TA"]
[PlyCount "105"]
[EventDate "2018.??.??"]
[EventType "swiss"]
[EventCountry "POL"]
[SourceTitle "playchess.com"]
[Source "ChessBase"]
[SourceQuality "1"]

{[%evp 27,105,-20,-19,-17,-23,-36,-8,-16,16,11,16,12,42,32,39,27,40,33,50,52,39,35,41,27,38,45,100,108,105,116,121,102,347,356,318,162,202,177,170,46,47,0,0,0,0,0,0,0,45,0,80,85,100,58,118,114,141,137,194,194,208,213,203,203,206,101,271,212,1209,1189,5015,812,5018,4798,1514,1479,1173,1106,1083,1035]} 1. Nf3 d5 2. g3 Bg4 3. Bg2 Nd7 4. O-O c6 5. d3 e5 6. Nbd2 Ngf6 7. e4 Bd6 8. h3 Bh5 9. Qe1 O-O 10. Nh4 Re8 11. Nf5 Bf8 12. Nb3 {A07: Réti Opening: New York and Capablanca Systems} a5 (12... Qc7 13. a4 h6 14. Nh4 dxe4 15. dxe4 c5 16. Nd2 c4 17. Nb1 Nc5 18. g4 Bg6 19. Nxg6 fxg6 {1-0 (63) Malakhov,V (2712)-Rodshtein,M (2698) Chartres 2017}) 13. a4 Nc5 14. Nxc5 Bxc5 {LiveBook: 5 Games} 15. g4 Bg6 16. Ng3 $146 ({Predecessor:} 16. Qe2 dxe4 17. dxe4 Nd7 18. Rd1 Qc7 19. Qc4 b6 {1-0 (41) Deglmann,L (2329)-Giri,A (2517) Deizisau 2009}) 16... dxe4 17. dxe4 Qb6 18. Qe2 h6 19. h4 {[%cal Bh3h4,Bh4h5][%mdl 32]} Nd7 20. h5 Bh7 21. g5 hxg5 22. Bxg5 Nf8 23. Qg4 Ne6 24. Bf6 {aiming for Nf5.} Kh8 25. Bxe5 {Threatens to win with Rad1.} f6 26. Bc3 Bd4 (26... Bb4 $14) 27. Bxd4 $16 Qxd4 28. Rfd1 Qe5 29. Rd7 $1 Qxb2 $2 (29... Rg8 $16) 30. Rad1 $18 Qe5 31. Rxb7 (31. h6 $142 g5 32. Qh5 (32. Rxb7 Bg6 $16)) 31... Rad8 32. Rxd8 Rxd8 33. Kh2 ({Better is} 33. Re7 $18 Bg8 34. Nf5 Qa1+ 35. Bf1) 33... Bg8 $1 $14 34. Qg6 Bh7 35. Qf7 {Strongly threatening h6!} Bg8 36. Qg6 Bh7 37. Qg4 $40 {[%mdl 128] Black must now prevent f4! White attacks.} Bg8 $1 38. Kg1 Qf4 (38... Bh7 $1 $11 {remains equal.}) 39. Qxf4 $16 Nxf4 40. Nf5 Rd1+ ({Black should try} 40... Bh7 $14) 41. Kh2 Rd2 42. Bf3 (42. Rxg7 Rxf2 43. Rg4 Bd5 $14) 42... Ne6 (42... g6 $16) 43. Kg3 $18 Rxc2 44. Bg4 $1 {Hoping for Ne7.} Nc5 {[#]} 45. Re7 $1 ({Weaker is} 45. Rxg7 Nxe4+ 46. Kf3 Nxf2 $11) 45... Be6 46. f3 ({And not} 46. Nxg7 Nxe4+ 47. Kh4 Bd5 $11) (46. Ne3 $18 {is more deadly.} Bxg4 47. Nxc2 Bxh5 48. f3) 46... Rc3 $2 (46... Rc1 $16) 47. Nd6 ({Much less strong is} 47. Nxg7 $6 Nxe4+ 48. Kf4 Bxg4 $18) 47... Rd3 $2 (47... Bxg4 48. Kxg4 Rb3 49. Re8+ Kh7) 48. Bxe6 {White is clearly winning.} Rxd6 {[#]} 49. Re8+ $1 Kh7 50. Bf5+ g6 51. hxg6+ Kg7 52. Re7+ Kg8 53. Kg4 {Precision: White = 65%, Black = 41%.} 1-0

[Event "Katowice Springs 2018"]
[Site "Katowice"]
[Date "2018.05.12"]
[Round "9"]
[White "Szustakowski, Antoni"]
[Black "Molchanov, Oleksii"]
[Result "1/2-1/2"]
[WhiteElo "2331"]
[BlackElo "2355"]
[Annotator "TA"]
[PlyCount "85"]
[EventDate "2018.??.??"]
[EventType "swiss"]
[EventCountry "POL"]
[SourceTitle "playchess.com"]
[Source "ChessBase"]
[SourceQuality "1"]

{[%evp 21,85,14,12,4,31,48,41,41,27,0,0,0,0,0,29,0,23,-67,-62,-64,-61,-56,0,-83,-91,-81,-81,-89,-98,-102,-105,-93,-99,-114,-103,-95,-110,-101,-92,-97,-99,-141,-129,-147,-87,-89,-76,-85,-44,-39,-29,-134,-136,-130,-78,-164,-66,-75,0,0,0,0,0,0,0,0]} 1. d4 d5 2. c4 e6 3. Nc3 c6 4. e4 dxe4 5. Nxe4 Bb4+ 6. Bd2 {[%cal Bc1d2,Bd2b4,Bb4a3][%mdl 32]} Qxd4 7. Bxb4 Qxe4+ 8. Ne2 a5 {D31: Queen's Gambit Declined: Semi-Slav without ...Nf6 (+ Marshall Gambit and Noteboom) and Exchange Variation lines without ...Nf6} 9. Ba3 Nd7 10. Qd6 Qe5 11. Qd2 c5 {LiveBook: 3 Games} 12. O-O-O Ngf6 {[%cal Bg8f6,Bf6e4,Be4d6,Bd6f5,Bf5d4,Bd4e6][%mdl 32]} 13. f4 {[%mdl 1024] [#] White has compensation.} Qb8 $146 ({Predecessor:} 13... Qc7 14. Nc3 O-O 15. Be2 b6 16. Nb5 Qb8 {0-1 (32) Dittmar,P (2364)-Burmakin,V (2538) Seefeld 2000}) 14. g4 {[%cal Bg2g4,Bg4g5][%mdl 32]} ({Not} 14. Bxc5 $2 Ne4 $19) 14... O-O 15. g5 Ne4 16. Qe3 Nd6 $36 {[%mdl 2048] Black has the initiative.} 17. Nc3 Nf5 18. Qd2 Nd4 19. Ne2 ({Better is} 19. Bg2 $1 $11) 19... e5 $15 20. fxe5 Ne6 21. Bg2 Qxe5 (21... Nxe5 $15 22. Qc3 Re8) 22. h4 (22. Nc3 $11) 22... Nb6 $17 23. Qc2 Nf4 24. Nxf4 Qxf4+ 25. Qd2 Qxc4+ 26. Kb1 Qb5 27. Qd6 Nc4 28. Qxc5 {[%csl Ga3][%cal Rc5f8] [#]} Nxa3+ 29. Qxa3 Be6 30. Ka1 Rad8 31. Be4 g6 {[%cal Bg7g6,Bg6h5][%mdl 32]} 32. Bc2 Rc8 ({Black should play} 32... Rxd1+ 33. Rxd1 Qe2) 33. Bb1 Rfd8 34. Qe7 Rxd1 35. Rxd1 Qe5 36. h5 (36. Qxb7 $11 {remains equal.} Rb8 37. Re1) 36... gxh5 37. Rf1 Rc7 (37... Rc5 $142 {Hoping for ...Rb5.} 38. g6 hxg6 39. Bxg6 Qc7 40. Qxc7 (40. Qe8+ $2 Kg7 $19) 40... Rxc7 41. Bxh5 f5) 38. Qd8+ Kg7 39. Re1 $1 {[%cal Re1e5] [#]} Rd7 ({Don't play} 39... Qxe1 40. Qf6+ Kg8 41. Qd8+ Kg7 42. Qf6+ Kg8 43. Qd8+ Kg7 $11) ({Black should try} 39... Rc8 $1 $17 40. Qxc8 Qxe1) 40. Qxd7 $1 $11 {The position is equal.} Qxe1 41. Qd4+ Kf8 {...Ke8 is the strong threat.} 42. Qd8+ Kg7 {aiming for ...Qe5.} 43. Qf6+ {Precision: White = 60%, Black = 64%.} 1/2-1/2

[Event "Katowice Springs 2018"]
[Site "Katowice"]
[Date "2018.05.12"]
[Round "9"]
[White "Bakalarz, Mietek"]
[Black "Krzywda, Andrzej"]
[Result "0-1"]
[WhiteElo "2288"]
[BlackElo "2163"]
[Annotator "TA"]
[PlyCount "88"]
[EventDate "2018.??.??"]
[EventType "swiss"]
[EventCountry "POL"]
[SourceTitle "playchess.com"]
[Source "ChessBase"]
[SourceQuality "1"]

{[%evp 15,88,0,35,-38,28,-55,-44,-99,-96,-89,-101,-480,-488,-477,-787,-466,-61,-72,-77,-68,-51,-65,-10,-22,-20,-28,-4,-33,-36,-29,-31,-54,-41,-333,-344,-344,-345,-410,-340,-336,-335,-419,-422,-450,-454,-712,-705,-637,-598,-633,-638,-710,-777,-771,-767,-755,-749,-710,-684,-933,-933,-6119,-910,-903,-887,-831,-842,-1706,-1602,-12838,-12836,-12845,-12839,-12842,-12841]} 1. e4 c5 2. c3 Nf6 3. e5 Nd5 4. d4 cxd4 5. Nf3 e6 6. cxd4 d6 7. a3 Be7 8. Bd3 {B22: Sicilian: 2 c3} O-O {LiveBook: 7 Games} 9. Qe2 (9. Qc2 $14) (9. O-O b6 10. Qc2 g6 11. Bh6 Re8 12. Nbd2 Ba6 13. Bxa6 Nxa6 14. Ne4 dxe5 15. Nxe5 Rc8 {1-0 (51) Wang,H (2709)-Harikrishna,P (2744) Huaian 2017}) 9... Nc6 (9... dxe5 $15 10. dxe5 Nd7) 10. Bd2 $146 ({Better is} 10. h4 $11) ({Predecessor:} 10. h4 Qb6 11. Bxh7+ Kh8 12. Bc2 f5 13. Ng5 Kg8 14. Qh5 Bxg5 15. hxg5 Nxd4 16. g6 Nxc2+ 17. Kf1 {1-0 (17) Miechowicz,W (1995)-Wojciechowski,F (1800) Przelazy 2004}) 10... Qb6 $15 11. Qe4 (11. exd6 $15 Bxd6 12. Nc3 (12. Qe4 $2 f5 $19)) 11... f5 $17 12. exf6 Nxf6 13. Qh4 $2 {[%mdl 8192]} (13. Qe3 $17 {is a better chance.}) 13... Qxb2 $19 14. Bc3 Qc1+ 15. Ke2 Qh6 $2 (15... Qxh1 $19 16. Nbd2 Qxg2) 16. Qxh6 $15 gxh6 17. Bd2 Kg7 18. Nc3 Bd7 (18... e5 $15 19. Rab1 exd4) 19. Rhe1 Rac8 20. Kf1 d5 21. Rab1 Bxa3 22. Rxb7 {[#] Threatens to win with Ne5.} Rb8 $1 {[%cal Rb8b7]} 23. Ba6 Bb4 24. Nb5 $2 {[%mdl 8192]} (24. h3 $15) 24... Bxd2 $19 25. Nxd2 Nb4 26. Nc7 Nxa6 27. Nxe6+ Kg8 28. Rxa7 Rfe8 29. f4 {Black is clearly winning.} Nb4 ({Weaker is} 29... Bxe6 30. Rxa6 Ne4 31. Nxe4 $19) (29... Rxe6 30. Rxe6 Bxe6 31. Rxa6 $19) 30. f5 (30. Nc7 $142 Rxe1+ 31. Kxe1) 30... Nc2 31. Rc1 Ne3+ 32. Kf2 Nxf5 33. Nc5 Rb2 34. Nxd7 Rxd2+ 35. Kg1 Nxd7 36. Rxd7 Nxd4 {[#] White must now prevent ...Ne2+.} 37. Ra1 Nc2 38. Rc1 Re1+ 39. Rxe1 Nxe1 {KRN-KR} 40. Rd8+ Kg7 41. Rd7+ Kg6 42. Rd6+ Kh5 43. g4+ Kxg4 44. Rxh6 Nf3+ {Precision: White = 29%, Black = 66%.} 0-1